Múzeum

Na minha lista:
Detalhes bibliográficos
Autor principal: Králová, Alžbeta (Author)
Outros Autores: Dlhý, Dušan (Thesis advisor)
Formato: Manuscrito Livro
Idioma:eslovaco
Publicado em: 2018
Assuntos:
Acesso em linha:http://is.stuba.sk/zp/portal_zp.pl?podrobnosti=138201
https://opac.crzp.sk/?fn=detailBiblioForm&sid=752BE197E3AE405D408BF479404B
Tags: Adicionar Tag
Sem tags, seja o primeiro a adicionar uma tag!

MARC

LEADER 00000ntm a22000003a 4500
001 stuzp68780
003 SK-STU
005 20230623124535.6
007 ta
008 150427s2015----xo-----f-mn---000-0-slo-d
040 |a STU  |b slo 
041 0 |a slo 
100 1 |a Králová, Alžbeta  |u 010180  |4 aut  |U SvF Stavebná fakulta  |T SvF Katedra konštrukcií pozemných stavieb  |X 74314  |U V180  |Y 18  |7 74314 
242 0 1 |a The museum  |y eng 
245 1 0 |a Múzeum 
260 |c 2018 
650 4 |a múzeum  |2 slo 
650 4 |a konštrukcie  |2 slo 
650 4 |a stavba  |2 slo 
650 4 |a the museum  |2 eng 
650 4 |a constructions  |2 eng 
650 4 |a building  |2 eng 
700 1 |a Dlhý, Dušan  |u 010180  |k Z1  |4 ths  |U SvF Stavebná fakulta  |T SvF Katedra konštrukcií pozemných stavieb  |X 712  |U V180  |Y 18  |7 A000000712 
856 4 |u http://is.stuba.sk/zp/portal_zp.pl?podrobnosti=138201 
856 4 |u https://opac.crzp.sk/?fn=detailBiblioForm&sid=752BE197E3AE405D408BF479404B